00655nam a2200193Ia 4500952013100000999001700131003000400148005001700152008004100169020001800210040000900228082001800237100002300255245006600278260004600344300000900390650002000399942004200419 00102ddc40708ISLAMaMESbMEScISLd2019-02-20g443.10l0o297.23 GHA/Kp38050r2019-02-20 00:00:00w2019-02-20yBKzGL46R1 c23118d23118OSt20200512095011.0190216s9999||||xx |||||||||||||| ||und|| a9789675062926 coclc a297.23bGHA/K aAl - Ghazali92196 0aKnowledge Of The Hereafter Durrah Al-Fakhirah /cAl - Ghazali bIslamic Book Trust,c2012.aKuala Lumpur: a146p aIslamic History cBK2ddch297.23iGHA/Kk297.23mGHA/K